[Event "Tel Aviv sim"]
[Site "Tel Aviv"]
[Date "1994.10.??"]
[Round "?"]
[White "Kasparov, Garry"]
[Black "Segal, Anna"]
[Result "1-0"]
[WhiteElo "2805"]
[BlackElo "2220"]
[PlyCount "103"]
[EventDate "1994.10.??"]
[EventType "simul"]
[EventRounds "1"]
[EventCountry "ISR"]
[SourceTitle "EXT 1997"]
[Source "ChessBase"]
[SourceDate "1996.11.15"]
[SourceVersion "1"]
[SourceVersionDate "1996.11.15"]
[SourceQuality "1"]

1. e4 d6 2. d4 Nf6 3. f3 g6 4. c4 Bg7 5. Nc3 0-0 6. Bg5 c6 7. Qd2 Qc7 8. Bd3 a5 9. Nge2 e5 10. d5 Nbd7 11. Ng3 Nc5 12. Be2 Bd7 13. Rc1 Rae8 14. 0-0 Bc8 15. Kh1 Kh8 16. Bd1 Ng8 17. a3 Na6 18. Na4 Bd7 19. b4 axb4 20. axb4 f5 21. exf5 Bxf5 22. dxc6 bxc6 23. b5 Nb8 24. b6 Qd7 25. Be2 c5 26. Nc3 Nc6 27. Bd1 Rb8 28. Nd5 Nd4 29. Ra1 Ra8 30. Rxa8 Rxa8 31. Ne4 Rf8 32. Nec3 Be6 33. Ba4 Qb7 34. Rb1 Bf5 35. Ne4 Bxe4 36. fxe4 Qa6 37. Qd1 Qxc4 38. b7 Rb8 39. Bd7 Qa6 40. Bc8 c4 41. Rc1 Nb3 42. Rb1 Nc5 43. Qg4 Nxb7 44. h3 Qc6 45. Bd7 Qc5 46. Be3 Qa3 47. Bc6 c3 48. Rxb7 Rxb7 49. Bxb7 Qb3 50. Qc8 h5 51. Nxc3 Kh7 52. Bd5 1-0

[Event "EU-ch U20 Girls"]
[Site "Litomysl"]
[Date "1994.??.??"]
[Round "10"]
[White "Segal, Anna"]
[Black "Jelica, Mara"]
[Result "1-0"]
[WhiteElo "2170"]
[BlackElo "2160"]
[PlyCount "63"]
[EventDate "1994.??.??"]
[EventType "swiss"]
[EventRounds "11"]
[EventCountry "CZE"]
[SourceTitle "TD"]
[Source "ChessBase"]
[SourceDate "1994.03.01"]
[SourceVersion "1"]
[SourceVersionDate "1994.03.01"]
[SourceQuality "1"]

1. e4 c5 2. Nf3 d6 3. d4 cxd4 4. Nxd4 Nf6 5. Nc3 g6 6. Be3 Bg7 7. f3 0-0 8. Qd2 Nc6 9. 0-0-0 Nxd4 10. Bxd4 Be6 11. Kb1 a6 12. g4 Re8 13. g5 Nh5 14. Bxg7 Nxg7 15. Nd5 Rc8 16. h4 Rc5 17. Bh3 Qd7 18. Bxe6 Qxe6 19. Nf4 Qc4 20. h5 gxh5 21. Nxh5 Nxh5 22. Rxh5 Rec8 23. Rc1 Qe6 24. Qh2 Qg6 25. Rh6 Qg7 26. f4 Rc4 27. f5 Rxe4 28. f6 Qh8 29. a3 Rec4 30. Qh3 exf6 31. gxf6 Kf8 32. Qd7 1-0

[Event "EU-ch U20 Girls"]
[Site "Litomysl"]
[Date "1994.??.??"]
[Round "2"]
[White "Segal, Anna"]
[Black "Khlgatian, Goaz"]
[Result "1-0"]
[WhiteElo "2170"]
[BlackElo "2115"]
[PlyCount "71"]
[EventDate "1994.??.??"]
[EventType "swiss"]
[EventRounds "11"]
[EventCountry "CZE"]
[SourceTitle "TD"]
[Source "ChessBase"]
[SourceDate "1994.03.01"]
[SourceVersion "1"]
[SourceVersionDate "1994.03.01"]
[SourceQuality "1"]

1. e4 e6 2. d4 d5 3. Nd2 c5 4. Ngf3 cxd4 5. Nxd4 Nf6 6. exd5 Qxd5 7. N2f3 Bd7 8. Be2 Nc6 9. 0-0 Nxd4 10. Nxd4 Bc5 11. Be3 0-0-0 12. c4 Qd6 13. b4 Bxb4 14. Qb3 Bc5 15. Rab1 b6 16. Rfd1 Qc7 17. Rdc1 Kb8 18. Bf3 Bxd4 19. Bxd4 Bc6 20. Bxb6 axb6 21. Qxb6+ Qxb6 22. Rxb6+ Ka7 23. Rxc6 Rd7 24. g3 Rb8 25. Rc3 Rb1+ 26. Kg2 e5 27. Ra3+ Kb8 28. c5 e4 29. Be2 Nd5 30. Rca6 Rb2 31. Bg4 e3 32. Bxd7 e2 33. Ra8+ Kc7 34. R3a7+ Rb7 35. Rxb7+ Kxb7 36. Re8 1-0

[Event "ISR-ch (Women)"]
[Site "Israel"]
[Date "1994.??.??"]
[Round "?"]
[White "Segal, Anna"]
[Black "Klinova, Masha"]
[Result "1/2-1/2"]
[WhiteElo "2170"]
[BlackElo "2280"]
[PlyCount "36"]
[EventDate "1994.??.??"]
[EventType "tourn"]
[EventRounds "10"]
[EventCountry "ISR"]
[SourceTitle "EXT 1998"]
[Source "ChessBase"]
[SourceDate "1997.11.17"]
[SourceVersion "1"]
[SourceVersionDate "1997.11.17"]
[SourceQuality "1"]

1. e4 e5 2. Nf3 Nc6 3. d4 exd4 4. Nxd4 Nf6 5. Nc3 Bb4 6. Nxc6 bxc6 7. Bd3 0-0 8. 0-0 d5 9. exd5 cxd5 10. Bg5 c6 11. Ne2 h6 12. Bh4 Bd7 13. Nd4 c5 14. c3 Ba5 15. Nf5 Bxf5 16. Bxf5 d4 17. cxd4 Qxd4 18. Qxd4 cxd4 1/2-1/2

[Event "EU-ch U20 Girls"]
[Site "Litomysl"]
[Date "1994.??.??"]
[Round "3"]
[White "Szczygiel, Agnieszka"]
[Black "Segal, Anna"]
[Result "0-1"]
[WhiteElo "2080"]
[BlackElo "2170"]
[PlyCount "104"]
[EventDate "1994.??.??"]
[EventType "swiss"]
[EventRounds "11"]
[EventCountry "CZE"]
[SourceTitle "TD"]
[Source "ChessBase"]
[SourceDate "1994.03.01"]
[SourceVersion "1"]
[SourceVersionDate "1994.03.01"]
[SourceQuality "1"]

1. e4 g6 2. d4 Bg7 3. Nc3 d6 4. f4 Nf6 5. Nf3 0-0 6. Be2 c6 7. e5 Nd5 8. Ne4 b5 9. 0-0 Na6 10. c3 Nac7 11. Qe1 Nb6 12. Qh4 f6 13. Bd3 Nbd5 14. Bd2 Ne8 15. Qg3 c5 16. exd6 exd6 17. dxc5 f5 18. Nxd6 Nxd6 19. cxd6 Qxd6 20. Rad1 Bb7 21. Kh1 Qa6 22. a3 Rad8 23. Qf2 Nc7 24. Bc2 Bd5 25. Be3 Qb7 26. Bxa7 Bxf3 27. gxf3 Nd5 28. Bb3 Kh8 29. Bc5 Rfe8 30. Qd2 Qc7 31. Qf2 Qc6 32. Rfe1 Nxf4 33. Rxd8 Rxd8 34. Qe3 g5 35. Rd1 Re8 36. Qf2 g4 37. Bd4 Qxf3+ 38. Qxf3 gxf3 39. Bxg7+ Kxg7 40. Rf1 f2 41. Bd5 Nxd5 42. Rxf2 Kf6 43. Kg2 f4 44. Rd2 Re5 45. Kf2 Kf5 46. Rd4 Kg4 47. c4 bxc4 48. Rxc4 Rh5 49. Kg1 Kf3 50. a4 Rg5+ 51. Kh1 Ne3 52. Rd4 Rd5 0-1